Rodgers and Hammerstein fact book.

Bibliographic Details
Other Authors: Rodgers, Richard, 1902-1979, Hammerstein, Oscar, II, 1895-1960
Format: Book
Language:English
Published: New York : R. Rodgers and O. Hammerstein, II, [1955]
Subjects:

MARC

Tag First Indicator Second Indicator Subfields
LEADER 00000cam a2200000 4500
001 in00000614607
005 20151015050325.0
008 740618s1955 nyua 00100 eng
010 |a  56007012  
035 |a (OCoLC)00921049 
035 |9 ACS9029AM 
040 |a DLC  |c KSU  |d TXA  |d UtOrBLW 
049 |a TXAM  |c [263656] 
050 0 0 |a MT95  |b .R63 
245 0 0 |a Rodgers and Hammerstein fact book. 
264 1 |a New York :  |b R. Rodgers and O. Hammerstein, II,  |c [1955] 
264 4 |c [©1955] 
300 |a 678 pages :  |b illustrations ;  |c 24 cm. 
336 |a text  |b txt  |2 rdacontent 
337 |a unmediated  |b n  |2 rdamedia 
338 |a volume  |b nc  |2 rdacarrier 
500 |a TAMU copy imperfect: title page wanting. 
600 1 0 |a Rodgers, Richard,  |d 1902-1979. 
600 1 0 |a Hammerstein, Oscar,  |c II,  |d 1895-1960. 
650 0 |a Musicals  |v Stories, plots, etc. 
700 1 |a Rodgers, Richard,  |d 1902-1979. 
700 1 |a Hammerstein, Oscar,  |c II,  |d 1895-1960. 
999 |a MARS 
999 f f |s 93698db4-40a5-3790-8878-6ecc7f9ad55c  |i 2be7330e-a697-3b10-94ba-85877d8a09e5  |t 0 
952 f f |p ric  |a Texas A&M University  |b Rellis Campus  |c Joint Library Facility  |d Remote Storage  |t 0  |e MT95 .R63  |h Library of Congress classification  |i unmediated -- volume  |m A14803371758 
998 f f |a MT95 .R63  |t 0  |l Remote Storage